[Event "ALG-ch sf"]
[Site "Tiaret"]
[Date "2017.03.29"]
[Round "1"]
[White "Gueroui, Nacereddine"]
[Black "Semaoune, Marouane"]
[Result "1-0"]
[WhiteElo "2017"]
[BlackElo "1655"]
[PlyCount "59"]
[EventDate "2017.03.29"]
[EventType "swiss"]
[EventRounds "7"]
[EventCountry "ALG"]
[SourceTitle "EXT 2018"]
[Source "ChessBase"]
[SourceDate "2017.10.13"]
[SourceVersion "1"]
[SourceVersionDate "2017.10.13"]
[SourceQuality "1"]

1. e4 d5 2. exd5 Qxd5 3. d4 Nf6 4. c4 Qd8 5. Nc3 e6 6. Nf3 Be7 7. h3 b6 8. Bd3 Bb7 9. 0-0 0-0 10. Be3 Nbd7 11. Qe2 c5 12. Rad1 Qc7 13. b3 Rfd8 14. Bb1 a6 15. Rfe1 cxd4 16. Bxd4 Bc5 17. Ng5 Bxd4 18. Rxd4 Qc5 19. Qd2 Qe7 20. Rd1 Bc6 21. Nce4 Rf8 22. Qd3 h6 23. Nxf6+ Nxf6 24. Nh7 Rfe8 25. Rd6 Rac8 26. Nxf6+ Qxf6 27. Qh7+ Kf8 28. Be4 Bxe4 29. Qh8+ Ke7 30. Rd7# 1-0